UBT Library

Productivity measurement in regulated industries / (Record no. 41813)

000 -LEADER
fixed length control field 00643cam a2200229 i 4500
001 - CONTROL NUMBER
control field 881147
005 - DATE AND TIME OF LATEST TRANSACTION
control field 20180205083429.0
008 - FIXED-LENGTH DATA ELEMENTS--GENERAL INFORMATION
fixed length control field 801212s1981 nyu b 101 0 eng
010 ## - LIBRARY OF CONGRESS CONTROL NUMBER
LC control number 80001685
020 ## - INTERNATIONAL STANDARD BOOK NUMBER
International Standard Book Number 0121940802
040 ## - CATALOGING SOURCE
Original cataloging agency DLC
Transcribing agency DLC
Modifying agency DLC
041 ## - LANGUAGE CODE
Language code of text/sound track or separate title eng
043 ## - GEOGRAPHIC AREA CODE
Geographic area code n-us---
080 ## - UNIVERSAL DECIMAL CLASSIFICATION NUMBER
Universal Decimal Classification number 338.456136360973 COW
082 00 - DEWEY DECIMAL CLASSIFICATION NUMBER
Classification number 338.456136360973 COW
Edition number 19
100 ## - Rafti
Rafti 54
101 ## - Shkurtesa
Shkurtesa EKO
245 00 - TITLE STATEMENT
Title Productivity measurement in regulated industries /
Statement of responsibility, etc edited by Thomas G. Cowing, Rodney E. Stevenson.
504 ## - BIBLIOGRAPHY, ETC. NOTE
Bibliography, etc Bibliography: p. 395-407.
906 ## - LOCAL DATA ELEMENT F, LDF (RLIN)
a 7
b cbc
c orignew
d u
e ocip
f 19
g y-gencatlg
942 ## - ADDED ENTRY ELEMENTS (KOHA)
Source of classification or shelving scheme
Item type Books
Holdings
Withdrawn status Lost status Source of classification or shelving scheme Damaged status Not for loan Collection code Permanent location Current location Shelving location Date acquired Total Checkouts Full call number Barcode Date last seen Price effective from Koha item type
          Koleksioni i përgjithshem UBT - Lipjan UBT - Lipjan Koleksioni i përgjithshem 02/05/2018   338.456136360973 COW 002-2997213 02/05/2018 02/05/2018 Books
UBT Library © 2015-2024. All rights reserved University Education for Business and Technology